[Event "30th Klatovy A 2024"]
[Site "Klatovy CZE"]
[Date "2024.07.03"]
[Round "5.3"]
[White "Kucera, Petr"]
[Black "Vana, Jan 2010"]
[Result "1-0"]
[WhiteElo "2197"]
[BlackElo "1875"]
[PlyCount "91"]
[EventDate "2024.06.29"]
[EventType "swiss"]
[EventRounds "9"]
[EventCountry "CZE"]

1. d4 Nf6 {[%emt 0:00:21]} 2. Bf4 {[%emt 0:00:23]} c5 {[%emt 0:00:13]} 3. e3 {[%emt 0:00:31]} Qb6 {[%emt 0:00:24]} 4. Na3 {[%emt 0:01:21]} Qxb2 {[%emt 0:00:38]} 5. Nb5 {[%emt 0:00:08]} Nd5 {[%emt 0:00:16]} 6. a3 {[%emt 0:01:18]} a6 {[%emt 0:00:39]} 7. Rb1 {[%emt 0:01:17]} Qa2 {[%emt 0:00:15]} 8. Qc1 {[%emt 0:00:35]} axb5 {[%emt 0:00:49]} 9. Ra1 {[%emt 0:00:19]} Qxa1 {[%emt 0:00:05]} 10. Qxa1 {[%emt 0:00:04]} e5 {[%emt 0:00:07]} 11. Bxe5 {[%emt 0:41:45]} c4 {[%emt 0:02:36]} 12. Bxb8 {[%emt 0:03:11]} Bb4+ {[%emt 0:15:40]} 13. Ke2 {[%emt 0:01:10]} Rxa3 {[%emt 0:02:38]} 14. Qc1 {[%emt 0:13:05]} Nc3+ {[%emt 0:33:03]} 15. Kf3 {[%emt 0:00:15]} b6 {[%emt 0:00:07]} 16. Bd3 {[%emt 0:14:19]} Bb7+ {[%emt 0:10:03]} 17. Kg3 {[%emt 0:00:41]} O-O {[%emt 0:11:46]} 18. Qb2 {[%emt 0:13:38]} Be7 {[%emt 0:13:11]} 19. Ne2 {[%emt 0:10:10]} Nxe2+ {[%emt 0:09:24]} 20. Bxe2 {[%emt 0:00:11]} Rxb8 {[%emt 0:00:07]} 21. Qxb5 {[%emt 0:10:25]} Ra5 {[%emt 0:03:53]} 22. Qxd7 {[%emt 0:00:49]} Rg5+ {[%emt 0:02:58]} 23. Kf4 {[%emt 0:06:11]} Rxg2 {[%emt 0:05:22]} 24. e4 {[%emt 0:00:11]} Rxf2+ {[%emt 0:06:56]} 25. Ke3 {[%emt 0:00:30]} Rf6 {[%emt 0:03:42]} 26. Bxc4 {[%emt 0:01:51]} Kf8 {[%emt 0:01:10]} 27. Rf1 {[%emt 0:02:46]} Rxf1 {[%emt 0:01:54]} 28. Bxf1 {[%emt 0:00:04]} Ba8 {[%emt 0:00:35]} 29. Bc4 {[%emt 0:02:43]} Re8 {[%emt 0:01:29]} 30. Kd3 {[%emt 0:00:25]} g6 {[%emt 0:01:46]} 31. e5 {[%emt 0:04:20]} Bg2 {[%emt 0:00:57]} 32. Kc3 {[%emt 0:00:59]} Ra8 {[%emt 0:01:06]} 33. d5 {[%emt 0:00:34]} Rd8 {[%emt 0:00:52]} 34. Qb5 {[%emt 0:00:29]} Bc5 {[%emt 0:00:36]} 35. Qc6 {[%emt 0:00:30]} Re8 {[%emt 0:01:17]} 36. Qf6 {[%emt 0:00:23]} Kg8 {[%emt 0:00:15]} 37. d6 {[%emt 0:00:19]} Rf8 {[%emt 0:00:44]} 38. d7 {[%emt 0:00:11]} b5 {[%emt 0:00:41]} 39. Bxf7+ {[%emt 0:01:03]} Rxf7 {[%emt 0:00:08]} 40. d8=Q+ {[%emt 0:00:08]} Bf8 {[%emt 0:00:05]} 41. Qe6 {[%emt 0:00:15]} Kg7 {[%emt 0:00:37]} 42. Kb2 {[%emt 0:01:02]} Rf3 {[%emt 0:01:06]} 43. Qc7+ {[%emt 0:00:42]} Kh6 {[%emt 0:00:19]} 44. Qg4 {[%emt 0:00:21]} Ba3+ {[%emt 0:00:43]} 45. Ka2 {[%emt 0:00:08]} g5 {[%emt 0:00:38]} 46. Qe6+ {[%emt 0:00:31]} 1-0

[Event "30th Klatovy A 2024"]
[Site "Klatovy CZE"]
[Date "2024.07.03"]
[Round "5.5"]
[White "Velickov, Dominik"]
[Black "Velim, Vojtech"]
[Result "1-0"]
[WhiteElo "1885"]
[BlackElo "1979"]
[PlyCount "71"]
[EventDate "2024.06.29"]
[EventType "swiss"]
[EventRounds "9"]
[EventCountry "CZE"]

1. e4 {[%emt 0:00:06]} c6 {[%emt 0:00:06]} 2. d4 {[%emt 0:00:48]} d5 {[%emt 0:00:04]} 3. Nc3 {[%emt 0:00:03]} dxe4 {[%emt 0:00:04]} 4. Nxe4 {[%emt 0:00:05]} Bf5 {[%emt 0:00:04]} 5. Ng3 {[%emt 0:00:20]} Bg6 {[%emt 0:00:06]} 6. h4 {[%emt 0:00:10]} h6 {[%emt 0:00:06]} 7. Nf3 {[%emt 0:00:07]} Nd7 {[%emt 0:00:06]} 8. h5 {[%emt 0:00:12]} Bh7 {[%emt 0:00:06]} 9. Bd3 {[%emt 0:00:05]} Bxd3 {[%emt 0:00:05]} 10. Qxd3 {[%emt 0:00:04]} e6 {[%emt 0:00:12]} 11. Bf4 {[%emt 0:00:16]} Qa5+ {[%emt 0:00:07]} 12. Bd2 {[%emt 0:00:04]} Qc7 {[%emt 0:00:05]} 13. O-O-O {[%emt 0:00:14]} Ngf6 {[%emt 0:01:15]} 14. Ne4 {[%emt 0:00:27]} Nxe4 {[%emt 0:00:08]} 15. Qxe4 {[%emt 0:00:03]} Nf6 {[%emt 0:00:07]} 16. Qe2 {[%emt 0:00:20]} O-O-O {[%emt 0:04:29]} 17. g3 {[%emt 0:00:31]} Bd6 {[%emt 0:02:06]} 18. c4 {[%emt 0:00:37]} c5 {[%emt 0:08:20]} 19. Bc3 {[%emt 0:00:53]} Qe7 {[%emt 0:02:44]} 20. Kb1 {[%emt 0:06:31]} Rhe8 {[%emt 0:02:16]} 21. Rc1 {[%emt 0:03:32]} Kb8 {[%emt 0:03:39]} 22. a3 {[%emt 0:06:30]} cxd4 {[%emt 0:01:08]} 23. Nxd4 {[%emt 0:00:33]} Bc5 {[%emt 0:12:19]} 24. Nb3 {[%emt 0:09:03]} Nd7 {[%emt 0:25:44]} 25. Nxc5 {[%emt 0:09:22]} Nxc5 {[%emt 0:01:46]} 26. Qe5+ {[%emt 0:00:29]} Ka8 {[%emt 0:09:36]} 27. Qxg7 {[%emt 0:04:24]} Qd7 {[%emt 0:11:39]} 28. Rhd1 {[%emt 0:24:11]} Qc6 {[%emt 0:00:16]} 29. Rxd8+ {[%emt 0:09:16]} Rxd8 {[%emt 0:00:17]} 30. Qg4 {[%emt 0:04:40]} Ne4 {[%emt 0:04:15]} 31. f3 {[%emt 0:03:35]} Nf2 {[%emt 0:06:19]} 32. Qf4 {[%emt 0:01:48]} Nd3 {[%emt 0:02:12]} 33. Rd1 {[%emt 0:00:09]} Qb6 {[%emt 0:24:11]} 34. Qxh6 {[%emt 0:03:15]} Nb4 {[%emt 0:08:22]} 35. Rxd8+ {[%emt 0:00:28]} Qxd8 {[%emt 0:00:06]} 36. Qh8 {[%emt 0:00:43]} 1-0

[Event "30th Klatovy A 2024"]
[Site "Klatovy CZE"]
[Date "2024.07.03"]
[Round "5.6"]
[White "Slovak, Kilian"]
[Black "Pycha, Patrik"]
[Result "1/2-1/2"]
[WhiteElo "2271"]
[BlackElo "2089"]
[PlyCount "44"]
[EventDate "2024.06.29"]
[EventType "swiss"]
[EventRounds "9"]
[EventCountry "CZE"]

1. e4 {[%emt 0:00:02]} c5 {[%emt 0:00:19]} 2. Nf3 {[%emt 0:00:09]} d6 {[%emt 0:00:05]} 3. d4 {[%emt 0:00:10]} cxd4 {[%emt 0:00:05]} 4. Nxd4 {[%emt 0:00:05]} Nf6 {[%emt 0:00:07]} 5. Nc3 {[%emt 0:00:07]} g6 {[%emt 0:00:05]} 6. Be3 {[%emt 0:00:09]} Bg7 {[%emt 0:00:05]} 7. f3 {[%emt 0:00:09]} O-O {[%emt 0:00:06]} 8. Qd2 {[%emt 0:00:06]} Nc6 {[%emt 0:00:05]} 9. g4 {[%emt 0:00:10]} Be6 {[%emt 0:01:22]} 10. Nxe6 {[%emt 0:00:55]} fxe6 {[%emt 0:01:51]} 11. O-O-O {[%emt 0:00:06]} Ne5 {[%emt 0:02:12]} 12. Be2 {[%emt 0:00:23]} Qc8 {[%emt 0:00:30]} 13. h4 {[%emt 0:00:47]} Nfd7 {[%emt 0:01:22]} 14. h5 {[%emt 0:07:51]} Nxf3 {[%emt 0:16:39]} 15. Nd5 {[%emt 0:23:22]} Nxd2 {[%emt 0:42:42]} 16. Nxe7+ {[%emt 0:01:39]} Kf7 {[%emt 0:00:10]} 17. Nxc8 {[%emt 0:00:10]} Raxc8 {[%emt 0:02:52]} 18. Rxd2 {[%emt 0:00:50]} Ke7 {[%emt 0:04:42]} 19. hxg6 {[%emt 0:02:07]} hxg6 {[%emt 0:01:31]} 20. Bg5+ {[%emt 0:07:19]} Nf6 {[%emt 0:03:32]} 21. Rh7 {[%emt 0:02:09]} Rf7 {[%emt 0:01:35]} 22. Bxf6+ {[%emt 0:57:07]} Kxf6 {[%emt 0:04:08]} 1/2-1/2

[Event "30th Klatovy A 2024"]
[Site "Klatovy CZE"]
[Date "2024.07.03"]
[Round "5.7"]
[White "Jordanov, Mihail"]
[Black "Pecka, Jan"]
[Result "1-0"]
[WhiteElo "2177"]
[BlackElo "197"]
[PlyCount "77"]
[EventDate "2024.06.29"]
[EventType "swiss"]
[EventRounds "9"]
[EventCountry "CZE"]

1. e4 {[%emt 0:01:33]} e5 {[%emt 0:00:32]} 2. Nf3 {[%emt 0:00:18]} Nc6 {[%emt 0:00:20]} 3. Bb5 {[%emt 0:00:42]} a6 {[%emt 0:00:09]} 4. Ba4 {[%emt 0:00:09]} Nf6 {[%emt 0:00:14]} 5. O-O {[%emt 0:00:56]} Be7 {[%emt 0:00:10]} 6. Re1 {[%emt 0:00:38]} b5 {[%emt 0:00:14]} 7. Bb3 {[%emt 0:00:08]} d6 {[%emt 0:00:18]} 8. d3 {[%emt 0:01:00]} O-O {[%emt 0:00:09]} 9. Bd2 {[%emt 0:00:45]} h6 {[%emt 0:04:33]} 10. h3 {[%emt 0:01:31]} Re8 {[%emt 0:00:10]} 11. a4 {[%emt 0:04:50]} b4 {[%emt 0:02:01]} 12. a5 {[%emt 0:02:09]} Rb8 {[%emt 0:02:22]} 13. Bc4 {[%emt 0:10:34]} Bf8 {[%emt 0:01:18]} 14. c3 {[%emt 0:04:25]} Be6 {[%emt 0:07:59]} 15. Bxa6 {[%emt 0:04:28]} Nd7 {[%emt 0:02:33]} 16. d4 {[%emt 0:11:55]} bxc3 {[%emt 0:01:40]} 17. bxc3 {[%emt 0:01:20]} Bb3 {[%emt 0:05:48]} 18. Qc1 {[%emt 0:03:37]} d5 {[%emt 0:07:10]} 19. Bd3 {[%emt 0:11:55]} f5 {[%emt 0:07:43]} 20. exd5 {[%emt 0:03:10]} Bxd5 {[%emt 0:02:43]} 21. Bxf5 {[%emt 0:03:58]} exd4 {[%emt 0:06:51]} 22. cxd4 {[%emt 0:03:16]} Nf6 {[%emt 0:01:14]} 23. Rxe8 {[%emt 0:04:25]} Nxe8 {[%emt 0:02:12]} 24. Be3 {[%emt 0:05:21]} Nd6 {[%emt 0:04:46]} 25. Bd3 {[%emt 0:03:17]} Qf6 {[%emt 0:01:33]} 26. Nbd2 {[%emt 0:01:44]} Kh8 {[%emt 0:13:55]} 27. a6 {[%emt 0:03:13]} Nf5 {[%emt 0:00:58]} 28. Rb1 {[%emt 0:10:11]} Ra8 {[%emt 0:04:34]} 29. Qc3 {[%emt 0:04:46]} Nh4 {[%emt 0:11:14]} 30. Nxh4 {[%emt 0:01:37]} Qxh4 {[%emt 0:00:05]} 31. Rb5 {[%emt 0:02:57]} Qh5 {[%emt 0:01:42]} 32. Bc4 {[%emt 0:05:32]} Qd1+ {[%emt 0:00:26]} 33. Bf1 {[%emt 0:00:05]} Ne7 {[%emt 0:01:37]} 34. Rb1 {[%emt 0:01:49]} Qh5 {[%emt 0:00:25]} 35. Qxc7 {[%emt 0:00:27]} Nf5 {[%emt 0:00:17]} 36. Qe5 {[%emt 0:00:56]} Qf7 {[%emt 0:00:22]} 37. Rb7 {[%emt 0:03:14]} Qe6 {[%emt 0:00:57]} 38. Qxe6 {[%emt 0:00:23]} Bxe6 {[%emt 0:00:08]} 39. a7 {[%emt 0:00:30]} 1-0

[Event "30th Klatovy A 2024"]
[Site "Klatovy CZE"]
[Date "2024.07.03"]
[Round "5.8"]
[White "Kala, Jakub"]
[Black "Janous, Marek"]
[Result "1/2-1/2"]
[WhiteElo "1787"]
[BlackElo "2129"]
[PlyCount "67"]
[EventDate "2024.06.29"]
[EventType "swiss"]
[EventRounds "9"]
[EventCountry "CZE"]

1. Nf3 {[%emt 0:00:02]} f5 {[%emt 0:00:28]} 2. d3 {[%emt 0:00:26]} Nf6 {[%emt 0:00:07]} 3. e4 {[%emt 0:01:11]} d6 {[%emt 0:00:05]} 4. Bg5 {[%emt 0:03:27]} fxe4 {[%emt 0:32:52]} 5. dxe4 {[%emt 0:00:52]} Nxe4 {[%emt 0:08:53]} 6. Qd5 {[%emt 0:18:04]} Nxg5 {[%emt 0:29:32]} 7. Nxg5 {[%emt 0:02:06]} c6 {[%emt 0:15:32]} 8. Qf7+ {[%emt 0:05:50]} Kd7 {[%emt 0:00:15]} 9. Nd2 {[%emt 0:20:02]} Qa5 {[%emt 0:10:35]} 10. f4 {[%emt 0:05:02]} Qd5 {[%emt 0:11:11]} 11. Bc4 {[%emt 0:03:31]} Qxf7 {[%emt 0:03:17]} 12. Nxf7 {[%emt 0:00:11]} Rg8 {[%emt 0:01:04]} 13. Nxd6 {[%emt 0:02:17]} exd6 {[%emt 0:01:04]} 14. Bxg8 {[%emt 0:00:11]} h6 {[%emt 0:00:15]} 15. f5 {[%emt 0:05:04]} Kc7 {[%emt 0:00:25]} 16. Be6 {[%emt 0:00:47]} Nd7 {[%emt 0:00:49]} 17. O-O-O {[%emt 0:04:10]} Be7 {[%emt 0:00:24]} 18. Nf3 {[%emt 0:01:50]} Nc5 {[%emt 0:04:15]} 19. Bxc8 {[%emt 0:02:09]} Rxc8 {[%emt 0:00:18]} 20. Rhe1 {[%emt 0:01:10]} Bf6 {[%emt 0:00:49]} 21. Nd4 {[%emt 0:02:34]} d5 {[%emt 0:02:48]} 22. Ne6+ {[%emt 0:12:36]} Kb6 {[%emt 0:02:26]} 23. Nxc5 {[%emt 0:08:12]} Kxc5 {[%emt 0:00:02]} 24. Kd2 {[%emt 0:04:16]} b5 {[%emt 0:00:06]} 25. c3 {[%emt 0:01:46]} a5 {[%emt 0:00:52]} 26. Re6 {[%emt 0:04:24]} b4 {[%emt 0:02:04]} 27. Kd3 {[%emt 0:02:22]} bxc3 {[%emt 0:00:48]} 28. bxc3 {[%emt 0:02:54]} Rb8 {[%emt 0:00:04]} 29. Kc2 {[%emt 0:07:15]} a4 {[%emt 0:01:30]} 30. Re3 {[%emt 0:00:51]} Kc4 {[%emt 0:00:57]} 31. Re6 {[%emt 0:04:26]} Kc5 {[%emt 0:00:49]} 32. Re3 {[%emt 0:00:25]} Kc4 {[%emt 0:01:07]} 33. Re6 {[%emt 0:00:05]} Kc5 {[%emt 0:02:35]} 34. Re3 1/2-1/2

[Event "30th Klatovy A 2024"]
[Site "Klatovy CZE"]
[Date "2024.07.03"]
[Round "5.9"]
[White "Strnad, Jakub"]
[Black "Palek, Miroslav"]
[Result "1-0"]
[WhiteElo "1942"]
[BlackElo "2056"]
[PlyCount "61"]
[EventDate "2024.06.29"]
[EventType "swiss"]
[EventRounds "9"]
[EventCountry "CZE"]

1. e4 d6 {[%emt 0:00:28]} 2. d4 {[%emt 0:00:21]} Nf6 {[%emt 0:00:26]} 3. Nc3 {[%emt 0:01:03]} e5 {[%emt 0:00:38]} 4. Nf3 {[%emt 0:01:55]} Nbd7 {[%emt 0:00:13]} 5. Bc4 {[%emt 0:02:04]} Be7 {[%emt 0:00:12]} 6. O-O {[%emt 0:15:18]} O-O {[%emt 0:00:21]} 7. h3 {[%emt 0:00:54]} c6 {[%emt 0:03:21]} 8. Bd3 {[%emt 0:05:49]} b5 {[%emt 0:02:24]} 9. Ne2 {[%emt 0:04:44]} Re8 {[%emt 0:05:56]} 10. Ng3 {[%emt 0:02:53]} g6 {[%emt 0:00:40]} 11. c3 {[%emt 0:04:13]} Qc7 {[%emt 0:01:54]} 12. Nh2 {[%emt 0:02:17]} d5 {[%emt 0:02:38]} 13. f4 {[%emt 0:05:34]} dxe4 {[%emt 0:04:27]} 14. Nxe4 {[%emt 0:01:16]} exd4 {[%emt 0:03:34]} 15. cxd4 {[%emt 0:01:39]} Nxe4 {[%emt 0:00:23]} 16. Bxe4 {[%emt 0:00:34]} Nf6 {[%emt 0:00:45]} 17. Bc2 {[%emt 0:03:53]} Bd6 {[%emt 0:01:40]} 18. Nf3 {[%emt 0:03:01]} Bxf4 {[%emt 0:11:36]} 19. Bxf4 {[%emt 0:01:01]} Qxf4 {[%emt 0:00:10]} 20. Ne5 {[%emt 0:00:10]} Qg5 {[%emt 0:00:42]} 21. Qf3 {[%emt 0:02:53]} Kg7 {[%emt 0:00:24]} 22. Be4 {[%emt 0:19:53]} Nxe4 {[%emt 0:13:36]} 23. Qxf7+ {[%emt 0:17:58]} Kh6 {[%emt 0:00:33]} 24. Qxe8 {[%emt 0:00:11]} Qe3+ {[%emt 0:01:08]} 25. Kh2 {[%emt 0:01:04]} Bxh3 {[%emt 0:05:52]} 26. Nf7+ {[%emt 0:03:42]} Kh5 {[%emt 0:01:57]} 27. Qe5+ {[%emt 0:01:16]} Bf5 {[%emt 0:03:09]} 28. Rf3 {[%emt 0:00:37]} Qe2 {[%emt 0:02:41]} 29. Rxf5+ {[%emt 0:01:03]} gxf5 {[%emt 0:00:12]} 30. Qxf5+ {[%emt 0:00:05]} Kh4 {[%emt 0:00:13]} 31. Qh3# {[%emt 0:00:07]} 1-0

[Event "30th Klatovy A 2024"]
[Site "Klatovy CZE"]
[Date "2024.07.03"]
[Round "5.10"]
[White "Polak, Michal 2002"]
[Black "Lhotsky, Zdenek"]
[Result "0-1"]
[WhiteElo "2075"]
[BlackElo "1918"]
[PlyCount "52"]
[EventDate "2024.06.29"]
[EventType "swiss"]
[EventRounds "9"]
[EventCountry "CZE"]

1. e4 {[%emt 0:00:13]} c5 {[%emt 0:00:10]} 2. Nf3 {[%emt 0:00:09]} d6 {[%emt 0:00:08]} 3. d4 {[%emt 0:00:06]} cxd4 {[%emt 0:00:05]} 4. Nxd4 {[%emt 0:00:04]} Nf6 {[%emt 0:00:09]} 5. Nc3 {[%emt 0:00:06]} a6 {[%emt 0:00:24]} 6. Bc4 {[%emt 0:00:31]} Nbd7 {[%emt 0:05:18]} 7. O-O {[%emt 0:01:08]} Qc7 {[%emt 0:00:05]} 8. Qe2 {[%emt 0:11:53]} e6 {[%emt 0:01:42]} 9. Rd1 {[%emt 0:11:40]} b5 {[%emt 0:14:00]} 10. Bb3 {[%emt 0:26:21]} Nc5 {[%emt 0:03:06]} 11. Bg5 {[%emt 0:01:53]} Be7 {[%emt 0:05:04]} 12. f4 {[%emt 0:05:06]} b4 {[%emt 0:02:34]} 13. e5 {[%emt 0:06:40]} bxc3 {[%emt 0:02:03]} 14. exf6 {[%emt 0:01:02]} gxf6 {[%emt 0:00:30]} 15. Bh6 {[%emt 0:02:45]} Rg8 {[%emt 0:06:19]} 16. bxc3 {[%emt 0:10:20]} Rg6 {[%emt 0:11:59]} 17. Qh5 {[%emt 0:01:18]} Nxb3 {[%emt 0:14:52]} 18. cxb3 {[%emt 0:01:56]} Qc5 {[%emt 0:14:26]} 19. f5 {[%emt 0:05:20]} Bb7 {[%emt 0:02:54]} 20. Rd2 {[%emt 0:02:46]} Rg8 {[%emt 0:06:24]} 21. Be3 {[%emt 0:07:05]} Qxc3 {[%emt 0:00:27]} 22. Re1 {[%emt 0:00:22]} Rxg2+ {[%emt 0:00:30]} 23. Kf1 {[%emt 0:00:33]} Rxd2 {[%emt 0:01:09]} 24. Bxd2 {[%emt 0:02:11]} Qxd2 {[%emt 0:00:28]} 25. Rd1 {[%emt 0:07:43]} Qg2+ {[%emt 0:04:15]} 26. Ke1 {[%emt 0:00:04]} e5 {[%emt 0:00:25]} 0-1

[Event "30th Klatovy A 2024"]
[Site "Klatovy CZE"]
[Date "2024.07.03"]
[Round "5.11"]
[White "Andrle, Filip"]
[Black "Pasek, Josef"]
[Result "1-0"]
[WhiteElo "2036"]
[BlackElo "1891"]
[PlyCount "63"]
[EventDate "2024.06.29"]
[EventType "swiss"]
[EventRounds "9"]
[EventCountry "CZE"]

1. e4 {[%emt 0:00:58]} c5 {[%emt 0:00:12]} 2. Nc3 {[%emt 0:00:31]} Nc6 {[%emt 0:01:36]} 3. g3 {[%emt 0:00:19]} g6 {[%emt 0:00:11]} 4. Bg2 {[%emt 0:00:10]} Bg7 {[%emt 0:00:55]} 5. d3 {[%emt 0:00:14]} e6 {[%emt 0:02:00]} 6. Be3 {[%emt 0:01:01]} d6 {[%emt 0:01:38]} 7. Qd2 {[%emt 0:01:53]} Nd4 {[%emt 0:02:03]} 8. Nd1 {[%emt 0:01:43]} e5 {[%emt 0:12:02]} 9. c3 {[%emt 0:01:19]} Nc6 {[%emt 0:00:11]} 10. Ne2 {[%emt 0:01:37]} b6 {[%emt 0:01:41]} 11. O-O {[%emt 0:01:33]} Nge7 {[%emt 0:06:13]} 12. Bh6 {[%emt 0:05:27]} O-O {[%emt 0:00:17]} 13. Bxg7 {[%emt 0:00:37]} Kxg7 {[%emt 0:00:06]} 14. Ne3 {[%emt 0:01:20]} f6 {[%emt 0:13:11]} 15. f4 {[%emt 0:08:00]} Bd7 {[%emt 0:12:53]} 16. Rad1 {[%emt 0:07:51]} Qc7 {[%emt 0:03:34]} 17. d4 {[%emt 0:01:58]} Rad8 {[%emt 0:02:03]} 18. fxe5 {[%emt 0:07:32]} fxe5 {[%emt 0:00:30]} 19. Rxf8 {[%emt 0:00:42]} Kxf8 {[%emt 0:00:40]} 20. Nd5 {[%emt 0:01:30]} Nxd5 {[%emt 0:09:09]} 21. exd5 {[%emt 0:00:17]} Nb8 {[%emt 0:02:24]} 22. dxe5 {[%emt 0:03:13]} dxe5 {[%emt 0:01:22]} 23. d6 {[%emt 0:00:42]} Qc8 {[%emt 0:00:06]} 24. Qh6+ {[%emt 0:02:29]} Kg8 {[%emt 0:00:08]} 25. Bd5+ {[%emt 0:00:33]} Kh8 {[%emt 0:00:16]} 26. Qg5 {[%emt 0:01:02]} Kg7 {[%emt 0:01:56]} 27. Rf1 {[%emt 0:02:42]} Bf5 {[%emt 0:00:54]} 28. Qe7+ {[%emt 0:01:37]} Kh6 {[%emt 0:00:08]} 29. g4 {[%emt 0:05:38]} Bxg4 {[%emt 0:00:28]} 30. Rf7 {[%emt 0:00:43]} Rh8 {[%emt 0:00:41]} 31. h4 {[%emt 0:00:46]} Qd8 {[%emt 0:01:08]} 32. Rxh7+ {[%emt 0:00:38]} 1-0

[Event "30th Klatovy A 2024"]
[Site "Klatovy CZE"]
[Date "2024.07.03"]
[Round "5.12"]
[White "Stein, Michael 2009"]
[Black "Honcharov, Makar"]
[Result "1-0"]
[WhiteElo "1965"]
[BlackElo "1824"]
[PlyCount "55"]
[EventDate "2024.06.29"]
[EventType "swiss"]
[EventRounds "9"]
[EventCountry "CZE"]

1. e4 {[%emt 0:00:02]} c5 {[%emt 0:00:09]} 2. Nf3 {[%emt 0:00:07]} d6 {[%emt 0:00:04]} 3. d4 {[%emt 0:00:06]} cxd4 {[%emt 0:00:04]} 4. Nxd4 {[%emt 0:00:06]} Nf6 {[%emt 0:00:05]} 5. Nc3 {[%emt 0:00:06]} g6 {[%emt 0:00:04]} 6. Be3 {[%emt 0:00:07]} Bg7 {[%emt 0:00:05]} 7. f3 {[%emt 0:00:06]} Nc6 {[%emt 0:01:16]} 8. Qd2 {[%emt 0:00:19]} Bd7 {[%emt 0:00:06]} 9. O-O-O {[%emt 0:02:07]} Ne5 {[%emt 0:00:26]} 10. h3 {[%emt 0:09:15]} Rc8 {[%emt 0:12:42]} 11. f4 {[%emt 0:08:15]} Nc4 {[%emt 0:00:10]} 12. Bxc4 {[%emt 0:00:52]} Rxc4 {[%emt 0:00:05]} 13. e5 {[%emt 0:03:03]} dxe5 {[%emt 0:02:03]} 14. fxe5 {[%emt 0:01:03]} Nh5 {[%emt 0:00:34]} 15. Qd3 {[%emt 0:27:19]} Qc8 {[%emt 0:12:02]} 16. g4 {[%emt 0:08:02]} Ng3 {[%emt 0:00:16]} 17. Rhg1 {[%emt 0:00:17]} Bxe5 {[%emt 0:00:25]} 18. Bf2 {[%emt 0:00:31]} O-O {[%emt 0:28:33]} 19. Rxg3 {[%emt 0:02:46]} Bf4+ {[%emt 0:01:42]} 20. Kb1 {[%emt 0:00:29]} Bxg3 {[%emt 0:01:00]} 21. Bxg3 {[%emt 0:00:16]} Re8 {[%emt 0:03:03]} 22. Re1 {[%emt 0:02:40]} b5 {[%emt 0:01:42]} 23. Nd5 {[%emt 0:04:34]} Qc5 {[%emt 0:00:11]} 24. Nb3 {[%emt 0:01:18]} Qc6 {[%emt 0:01:37]} 25. Na5 {[%emt 0:10:22]} Qc5 {[%emt 0:01:53]} 26. Nxc4 {[%emt 0:01:27]} bxc4 {[%emt 0:00:06]} 27. Qe4 {[%emt 0:01:18]} Bc6 {[%emt 0:02:28]} 28. Nxe7+ {[%emt 0:01:57]} 1-0

[Event "30th Klatovy A 2024"]
[Site "Klatovy CZE"]
[Date "2024.07.03"]
[Round "5.13"]
[White "Roubal, Matyas"]
[Black "Benes, Jachym"]
[Result "1/2-1/2"]
[WhiteElo "1870"]
[BlackElo "1940"]
[PlyCount "114"]
[EventDate "2024.06.29"]
[EventType "swiss"]
[EventRounds "9"]
[EventCountry "CZE"]

1. e4 e6 2. d4 d5 3. Nc3 Bb4 4. Nge2 dxe4 5. a3 Bxc3+ 6. Nxc3 f5 7. Bc4 Nf6 8. d5 c6 9. dxc6 Qxd1+ 10. Kxd1 Nxc6 11. Nb5 Ke7 12. Be3 b6 13. Ke2 Bd7 14. Ba2 e5 15. g3 Rac8 16. c4 a6 17. Nc3 Nd4+ 18. Kf1 Be6 19. Nd5+ Bxd5 20. cxd5 Nc2 21. Rb1 Nxe3+ 22. fxe3 Ng4 23. Re1 Rc2 24. Re2 Rhc8 25. Bb3 Rc1+ 26. Kg2 Rxh1 27. Kxh1 Kd6 28. h3 Nf6 29. Rd2 Rc5 30. Ba2 a5 31. Kg2 b5 32. Rf2 Nxd5 33. Bxd5 Kxd5 34. Rxf5 Rc2+ 35. Kf1 Rxb2 36. Rf7 Kc4 37. Rxg7 h6 38. Rh7 Kb3 39. Rxh6 Kxa3 40. g4 b4 41. g5 Rd2 42. Rb6 b3 43. g6 b2 44. h4 Rd8 45. h5 Rg8 46. Kg2 Ka2 47. Kg3 b1=Q 48. Rxb1 Kxb1 49. Kg4 a4 50. Kg5 a3 51. h6 a2 52. h7 Rh8 53. g7 Rxh7 54. g8=Q Rb7 55. Qd5 Rb8 56. Qxe4+ Kc1 57. Qxe5 Rb2 1/2-1/2

[Event "30th Klatovy A 2024"]
[Site "Klatovy CZE"]
[Date "2024.07.03"]
[Round "5.14"]
[White "Kovar, Petr"]
[Black "Dvorak, Jan"]
[Result "0-1"]
[WhiteElo "1904"]
[BlackElo "2133"]
[PlyCount "50"]
[EventDate "2024.06.29"]
[EventType "swiss"]
[EventRounds "9"]
[EventCountry "CZE"]

1. c4 e6 2. Nf3 d5 3. d4 Nf6 4. Nc3 Nbd7 5. Bg5 Be7 6. e3 O-O 7. Qc2 c6 8. cxd5 exd5 9. Bd3 Re8 10. Rb1 Nf8 11. O-O Ng6 12. Na4 Ne4 13. Bxe7 Qxe7 14. b4 Bg4 15. Be2 Bxf3 16. Bxf3 Nh4 17. Bxe4 dxe4 18. Kh1 Qg5 19. Rg1 Nf5 20. Qc5 b6 21. Qc2 Re6 22. Nc3 Rae8 23. Rbc1 Rh6 24. a3 Rxh2+ 25. Kxh2 Qh5# 0-1

[Event "30th Klatovy A 2024"]
[Site "Klatovy CZE"]
[Date "2024.07.03"]
[Round "5.15"]
[White "Zrust, Lukas"]
[Black "Bara, Jan"]
[Result "0-1"]
[WhiteElo "1850"]
[BlackElo "1909"]
[PlyCount "48"]
[EventDate "2024.06.29"]
[EventType "swiss"]
[EventRounds "9"]
[EventCountry "CZE"]

1. e4 c5 2. Nf3 d6 3. d4 cxd4 4. Nxd4 Nf6 5. Nc3 g6 6. Be3 Bg7 7. f3 O-O 8. Qd2 Nc6 9. O-O-O d5 10. Nxc6 bxc6 11. Bh6 Be6 12. Bxg7 Kxg7 13. e5 Nd7 14. f4 Rb8 15. Be2 Qb6 16. b3 Nc5 17. Qd4 Qa5 18. h4 Rb4 19. Qd2 Qa3+ 20. Kb1 d4 21. h5 dxc3 22. Qxc3 Ne4 23. Qxc6 Ra4 24. h6+ Kg8 0-1

[Event "30th Klatovy A 2024"]
[Site "Klatovy CZE"]
[Date "2024.07.03"]
[Round "5.16"]
[White "Rudlof, Adam"]
[Black "Sadil, Antonin"]
[Result "0-1"]
[WhiteElo "1820"]
[BlackElo "1956"]
[PlyCount "74"]
[EventDate "2024.06.29"]
[EventType "swiss"]
[EventRounds "9"]
[EventCountry "CZE"]

1. e4 c5 2. Nf3 d6 3. d4 cxd4 4. Nxd4 Nf6 5. Nc3 g6 6. Be3 Bg7 7. Bc4 O-O 8. f3 Nc6 9. Bb3 Bd7 10. Qd2 Na5 11. h4 Nxb3 12. axb3 a6 13. h5 Nxh5 14. g4 Nf6 15. Bh6 Be6 16. Bxg7 Kxg7 17. Qh6+ Kg8 18. Nf5 Bxf5 19. Nd5 Re8 20. g5 Nh5 21. Rxh5 gxh5 22. exf5 Qc8 23. f6 exf6+ 24. Kd2 Qf5 25. Nxf6+ Kh8 26. Ra4 Re5 27. Qxh5 Qxg5+ 28. Qxg5 Rxg5 29. Rh4 Kg7 30. Ne4 Rg2+ 31. Kd3 Rc8 32. Nc3 Rc5 33. Rd4 h5 34. Rxd6 h4 35. Ne2 h3 36. Rd4 Rc8 37. Nf4 Rh8 0-1

[Event "30th Klatovy A 2024"]
[Site "Klatovy CZE"]
[Date "2024.07.03"]
[Round "5.17"]
[White "Krivka, Matej"]
[Black "Richter, Martin 1969"]
[Result "1-0"]
[WhiteElo "1914"]
[BlackElo "1921"]
[PlyCount "65"]
[EventDate "2024.06.29"]
[EventType "swiss"]
[EventRounds "9"]
[EventCountry "CZE"]

1. e4 e6 2. d4 d5 3. Nc3 Bb4 4. Nge2 dxe4 5. a3 Be7 6. Nxe4 Nf6 7. Qd3 Nbd7 8. Bf4 b6 9. O-O-O Bb7 10. N2c3 O-O 11. Be2 c5 12. Bf3 Nd5 13. Nxd5 exd5 14. Ng3 c4 15. Qf5 Nf6 16. Rhe1 c3 17. Qd3 cxb2+ 18. Kxb2 Re8 19. Nf5 Bf8 20. Be5 b5 21. Qd2 Ne4 22. Bxe4 dxe4 23. Qf4 Qb6 24. Re3 b4 25. a4 Re6 26. d5 Rg6 27. Bc7 Qc5 28. d6 Bd5 29. Qe5 b3 30. Rxb3 Rxg2 31. Qxd5 Qxf2 32. Ne3 Qf6+ 33. Ka2 1-0